000 01097cam a22002891 4500
001 e 43000047
003 DLC
005 20260227111231.0
008 800319s1942 ilua s000 0 eng c
010 _ae 43000047
035 _a(OCoLC)6105807
040 _aU.S. Office of Education Library
_cICharE
_dDLC
042 _apremarc
043 _an-us-il
045 _ax2x4
050 0 0 _aLB1861.C44
_bR4
082 _a370.73773
100 1 _aReinhardt, Emma.
245 1 0 _aChanges in the student body of the Eastern Illinois State Teachers College
_bduring the fifteen year period 1925-26 to 1940-41,
_cby Emma Reinhardt [and] Frank A. Beu.
260 _a[Charleston, Ill.,
_c1942]
300 _a62 p.
_btables
_c23 cm.
490 0 _aEastern Illinois State Teachers College bulletin,
_vno. 159. July 1, 1942
500 _aAt head of title: State of Illinois. Dwight H. Green, Governor.
500 _a"Fourth in a series of surveys ... of the students of this institution"--p. 7.
610 2 0 _aEastern Illinois University
_xStudents.
700 1 _aBeu, Frank Andrew,
_d1897-
_ejoint author.
999 _c21918
_d21918